000 00857nac a22002777a 4500
001 BR0602220
003 BR-BrBNA
005 20240105123324.0
008 230509b bl.|||m| |||| 00| 0 por d
040 _aBR-BrBNA
_bpor
_cBiblioteca Nacional de Agricultura
072 _aE70
090 _aE70 BR0602220
100 1 _aBraga, J.M.A.
110 1 _aBradea, Rio de Janeiro, RJ (Brasil)
_91283
245 1 _aMarantaceae - Novidades taxonômicas e nomenclaturais: 2 Calathea joffilyana J.M.A. Braga sp. nov.
260 3 _aRio de Janeiro, RJ (Brasil):
_c2002.
300 _a4 p.
490 _aBradea (Brazil)
_vno. 1
_xISSN 0084-800X
500 _aSummary (Pt)
650 _aMARANTACEAE
650 _aTAXONOMIA VEGETAL
650 _aINFLORESCÊNCIA
650 _aHABITAT
909 _a202312
_bLúcia Elande
_c55
_dLúcia Elande
942 _2AGRIS
_n0
_cMS
999 _c294949
_d294949